|
|
|
|
| LEADER |
00000cam a2200000 a 4500 |
| 001 |
vtls008312720 |
| 003 |
SK-MaSNL |
| 005 |
20260301074902.0 |
| 008 |
190102s1975 xo 000 hun |
| 015 |
|
|
|a SKSNBA1975/01-00156
|
| 035 |
|
|
|a SK01SNK19750004937
|
| 035 |
|
|
|a SKM000007400
|
| 040 |
|
|
|a SNK
|b slo
|c SNK
|e AACR2
|
| 041 |
1 |
|
|a hun
|h slo
|
| 044 |
|
|
|a xo
|c SK
|
| 080 |
|
|
|a 632.9(035)=945.11
|2 1981
|
| 100 |
1 |
|
|a Richter, František
|4 aut
|9 398181
|
| 240 |
1 |
0 |
|a Zásady ochrany rastlín proti škodlivým činiteľom
|l Maďarsky
|
| 245 |
1 |
0 |
|a A káros tényezők elleni növényvédelem alapelvei
|c František Richter ; aszlov. ered mu címe Zásady ochrany rastlín proti škodlivým činiteľom ford. Štyndl Olga
|
| 260 |
|
|
|a Bratislava
|b Príroda
|b Ministerstvo poľnohospodárstva a výživy SSR
|c 1975
|e Komárno
|f Západoslovenské tlačiarne, n. p.;
|
| 300 |
|
|
|a 83, [3] s.
|c 8°
|
| 490 |
1 |
|
|a Edícia Ministerstva poľnohospodárstva a výživy Slovenskej socialistickej republiky : Poľnohospodárske aktuality
|
| 500 |
|
|
|a Tb. Vysvetl.
|
| 500 |
|
|
|a Vyd. Min. poľnohosp. a výživy
|
| 563 |
|
|
|a 2000 výtl. Účelová publikácia
|
| 650 |
0 |
7 |
|a rastliny
|x činitele škodlivé
|x ochrana
|x príručky
|2 SNK
|9 398182
|
| 655 |
|
7 |
|a príručky
|2 SNKPH
|9 74364
|
| 700 |
1 |
|
|a Štyndlová, Oľga
|4 trl
|9 60586
|
| 730 |
|
|
|a Zásady ochrany rastlín proti škodlivým činiteľom
|9 398183
|
| 830 |
|
0 |
|a Edícia Ministerstva poľnohospodárstva a výživy Slovenskej socialistickej republiky : Poľnohospodárske aktuality
|9 398184
|
| 852 |
|
|
|a Slovenská národná knižnica v Martine
|b 10000
|h SC 36585
|
| 852 |
|
|
|a Slovenská národná knižnica v Martine
|b 10000
|h SC 36585 D1
|
| 958 |
|
|
|a OND
|
| 958 |
|
|
|a TL
|
| 958 |
|
|
|a RK
|
| 999 |
|
|
|c 648530
|d 650460
|
| 952 |
|
|
|a SNK
|b SNK
|y VYP
|7 0
|p 17A1150799
|o snkSC 36585 D1
|i snkKSP 4402/75
|0 0
|1 0
|4 0
|d 2016-06-15
|l 0
|r 2026-02-23 18:14:34
|w 2026-02-23
|